书目信息 |
| 题名: |
第一国际史
|
|
| 作者: | 耶克 著 ;张文焕 译 | |
| 分册: | ||
| 出版信息: | 北京 三联书店 1964 |
|
| 页数: | 283页 | |
| 开本: | 21cm | |
| 丛书名: | ||
| 单 册: | ||
| 中图分类: | D12 | |
| 科图分类: | ||
| 主题词: | 国际共产主义运动 | |
| 电子资源: | ||
| ISBN: | ||
| 000 | 00543nam0 2200193 450 | |
| 001 | 0640356844 | |
| 005 | 20060728111405.12 | |
| 010 | @dCNY0.76 | |
| 100 | @a20060728d1964 km y0chiy0120 ea | |
| 101 | 0 | @achi@cger |
| 200 | 1 | @a第一国际史@Adi yi guo ji shi@f(德)耶克著@F(de)ye ke zhu@g张文焕译@Gzhang wen huan yi |
| 210 | @a北京@c三联书店@d1964 | |
| 215 | @a283页@d21cm | |
| 606 | 0 | @a国际共产主义运动 |
| 690 | @aD12@v3 | |
| 701 | 0 | @a耶克@Aye ke@4著 |
| 702 | 0 | @a张文焕@Azhang wen huan@4译 |
| 801 | 0 | @aCN@bPFT@c20060728 |
| 905 | @a10447@dD12@e11 | |
| 第一国际史/(德)耶克著/张文焕译.-北京:三联书店,1964 |
| 283页;21cm |
| ISBN :CNY0.76 |
| ● |
| 相关链接 |
|
|
|
|
正题名:第一国际史
索取号:D12/11
 
预约/预借
| 序号 | 登录号 | 条形码 | 馆藏地/架位号 | 状态 | 备注 |
| 1 | 0200317 | 001011425 | 第一样本阅览室/ [索取号:D12/11] | 在馆 | |
| 2 | 0440394 | 204403948 | 密集书库/ [索取号:D12/11] | 在馆 |